|
|
|
|
| LEADER |
00000nab a2200000 a 4500 |
| 001 |
vtls000752441 |
| 003 |
SK-MaSNL |
| 005 |
20260304020342.0 |
| 008 |
250115c2001 xo 0 hun |
| 015 |
|
|
|a SNBRB2001/04-11245
|
| 035 |
|
|
|a CLN000104229
|
| 040 |
|
|
|a SNKBUCL
|b slo
|c SNKBUCL
|e AACR2
|
| 041 |
0 |
|
|a slo
|
| 044 |
|
|
|a xo
|c SK
|
| 080 |
|
|
|a 894.511 (437.6)-1=945.11
|2 UDC-MRF-SK2
|
| 100 |
1 |
|
|a Zirig, Árpád
|d 1979-
|4 aut
|9 913477
|
| 245 |
1 |
0 |
|a [Versek]
|c Zirig Árpád ; illusztrálta Hlavaty Kitti
|
| 300 |
|
|
|b Obr.
|
| 505 |
1 |
|
|a (Nem nézted lelkem) -- Vér -- Március 2. -- Június öt
|
| 655 |
|
7 |
|a maďarská poézia
|2 snkbucl
|9 70602
|
| 700 |
1 |
|
|a Hlavaty, Kitti
|d 1980-
|4 ill
|9 909133
|
| 773 |
0 |
|
|x 1335-6321
|t Szőrös kő
|g Tél (2000/2001), s. 36-37
|
| 850 |
|
|
|a Slovenská národná knižnica
|
| 852 |
|
|
|a Slovenská národná knižnica
|
| 958 |
|
|
|a HU
|
| 958 |
|
|
|a SK
|
| 958 |
|
|
|a LX
|
| 958 |
|
|
|a RBX
|
| 999 |
|
|
|c 2598286
|d 2600216
|